Jurassic World Evolution 2 with Pictures(All 122) - Statistiques

Statistiques générales
  • Ce quiz a été pris 63 fois
  • Le résultat moyen est 53 sur 122
Statistiques - réponses
Par images Réponse % Correct
Ankylosaurus
87%
Allosaurus
83%
Apatosaurus
76%
Brachiosaurus
76%
Albertosaurus
72%
Atrociraptor
72%
Indominus Rex
70%
Velociraptor
70%
Dilophosaurus
67%
Gallimimus
67%
Indoraptor
67%
Spinosaurus
67%
Baryonyx
65%
Carnotaurus
65%
Ceratosaurus
65%
Iguanodon
65%
Mosasaurus
65%
Amargasaurus
63%
Dimorphodon
63%
Diplodocus
63%
Triceratops
63%
Tyrannosaurus Rex
63%
Stegosaurus
61%
Dimetrodon
59%
Compsognathus
57%
Giganotosaurus
57%
Megalodon
57%
Parasaurolophus
57%
Chasmosaurus
54%
Dracorex
54%
Edmontosaurus
54%
Pyroraptor
54%
Quetzalcoatlus
54%
Suchomimus
54%
Ankylodocus
52%
Carcharodontosaurus
52%
Majungasaurus
52%
Pachycephalosaurus
52%
Pteranodon
52%
Scorpios Rex
52%
Oviraptor
50%
Acrocanthosaurus
48%
Elasmosaurus
48%
Plesiosaurus
48%
Stegoceratops
48%
Camarasaurus
46%
Corythosaurus
46%
Cryolophosaurus
46%
Deinonychus
46%
Kentrosaurus
46%
Spinoceratops
46%
Therizinosaurus
46%
Archelon
43%
Gigantoraptor
43%
Maiasaura
43%
Spinoraptor
43%
Concavenator
41%
Dunkleosteus
41%
Nasutoceratops
41%
Nigersaurus
41%
Ouranosaurus
41%
Sinoceratops
41%
Stygimoloch
41%
Tarbosaurus
41%
Troodon
41%
Monolophosaurus
39%
Struthiomimus
39%
Torosaurus
39%
Utahraptor
39%
Yutyrannus
39%
Herrerasaurus
37%
Liopleurodon
37%
Mamenchisaurus
37%
Olorotitan
37%
Tylosaurus
37%
Dreadnoughtus
35%
Kronosaurus
35%
Minmi
35%
Nodosaurus
35%
Tapejara
35%
Coelophysis
33%
Dryosaurus
33%
Microceratus
33%
Moros Intrepidus
33%
Muttaburrasaurus
33%
Pachyrinosaurus
33%
Pentaceratops
33%
Styracosaurus
33%
Archaeornithomimus
30%
Lystrosaurus
30%
Megalosaurus
30%
Metriacanthosaurus
30%
Sauropelta
30%
Alamosaurus
28%
Euoplocephalus
28%
Polacanthus
28%
Proceratosaurus
28%
Tsintaosaurus
28%
Cearadactylus
26%
Deinocheirus
26%
Homalocephale
26%
Maaradactylus
26%
Nothosaurus
26%
Tropeognathus
26%
Wuerhosaurus
26%
Attenborosaurus
24%
Crichtonsaurus
24%
Gigantspinosaurus
24%
Huayangosaurus
24%
Styxosaurus
24%
Australovenator
22%
Chungkingosaurus
22%
Dsungaripterus
22%
Geosternbergia
22%
Ichthyosaurus
22%
Jeholopterus
20%
Shonisaurus
20%
Thanatosdrakon
20%
Barbaridactylus
17%
Qianzhousaurus
17%
Segisaurus
17%
Sinosauropteryx
17%
Aucun quiz correspondant
Distribution des résultats
% des personnes avec chaque résultat
Percentile par nombre de réponses
Votre historique - résultats
Vous n’avez pas pris ce quiz